[Event "Niederbayernliga 1516"]
[Site "Bayern"]
[Date "2015.12.13"]
[Round "4.4"]
[White "Wolf, Gregor"]
[Black "Huber, Florian"]
[Result "1-0"]
[WhiteElo "1811"]
[BlackElo "1682"]
[PlyCount "67"]
[EventDate "2015.10.11"]
[EventType "team-tourn"]
[EventRounds "9"]
[EventCountry "GER"]
[SourceTitle "EXT 2023"]
[Source "ChessBase"]
[SourceDate "2022.10.05"]
[SourceVersion "1"]
[SourceVersionDate "2022.10.05"]
[SourceQuality "1"]
[WhiteTeam "Grafenau"]
[BlackTeam "Landau Dingolfing II"]
[WhiteTeamCountry "GER"]
[BlackTeamCountry "GER"]

1. e4 e5 2. Nf3 Nc6 3. Bb5 a6 4. Ba4 b5 5. Bb3 Bc5 6. c3 Nf6 7. 0-0 d6 8. d4 exd4 9. cxd4 Bb6 10. h3 0-0 11. Bg5 Qd7 12. Bxf6 gxf6 13. Nc3 Ne7 14. Qd2 c5 15. Qh6 Ng6 16. Ne2 Kh8 17. Nf4 Rg8 18. dxc5 dxc5 19. Rad1 Qe8 20. Bd5 Ra7 21. Nh4 Nxf4 22. Qxf6+ Rg7 23. Qxb6 Qe7 24. Qh6 Nxh3+ 25. Kh1 Ng5 26. Nf5 Bxf5 27. exf5 f6 28. Rfe1 Qf8 29. f4 Nf7 30. Qxf6 Rd7 31. Bc6 Rxd1 32. Rxd1 Kg8 33. Rd7 Qe8 34. Re7 1-0

[Event "Niederbayernliga 1415"]
[Site "Bayern"]
[Date "2014.11.23"]
[Round "3.4"]
[White "Wolf, Gregor"]
[Black "Gehann, Paul"]
[Result "1/2-1/2"]
[WhiteElo "1773"]
[BlackElo "1770"]
[PlyCount "87"]
[EventDate "2014.10.19"]
[EventType "team-tourn"]
[EventRounds "9"]
[EventCountry "GER"]
[SourceTitle "EXT 2023"]
[Source "ChessBase"]
[SourceDate "2022.10.05"]
[SourceVersion "1"]
[SourceVersionDate "2022.10.05"]
[SourceQuality "1"]
[WhiteTeam "Grafenau"]
[BlackTeam "Ergolding"]
[WhiteTeamCountry "GER"]
[BlackTeamCountry "GER"]

1. e4 c5 2. Nf3 Nc6 3. d4 cxd4 4. Nxd4 g6 5. Nc3 Bg7 6. Be3 Nf6 7. Bc4 Qa5 8. 0-0 0-0 9. Bb3 d6 10. h3 Bd7 11. f4 Nxd4 12. Bxd4 Be6 13. Qd3 Nd7 14. Nd5 Bxd4+ 15. Qxd4 Bxd5 16. Bxd5 Qc5 17. Qxc5 Nxc5 18. b4 e6 19. bxc5 exd5 20. exd5 Rac8 21. cxd6 Rxc2 22. Rac1 Rd2 23. Rc7 Rxd5 24. Rxb7 Rxd6 25. Rxa7 Rc8 26. Rf2 Rc1+ 27. Kh2 h5 28. h4 Rdd1 29. a4 Rh1+ 30. Kg3 Rc3+ 31. Rf3 Rxf3+ 32. gxf3 Kg7 33. f5 gxf5 34. a5 Ra1 35. Kf4 Kg6 36. Ra6+ f6 37. Ra8 Ra4+ 38. Kg3 f4+ 39. Kf2 Ra2+ 40. Ke1 Kf5 41. a6 Ra1+ 42. Ke2 Ra2+ 43. Kd3 Ra3+ 44. Ke2 1/2-1/2

[Event "Niederbayernliga 1314"]
[Site "Bayern"]
[Date "2013.??.??"]
[Round "3"]
[White "Gschwendtner, Stanislav"]
[Black "Wolf, Gregor"]
[Result "1-0"]
[WhiteElo "1957"]
[BlackElo "1761"]
[PlyCount "95"]
[EventDate "2013.10.13"]
[EventType "team-tourn"]
[EventRounds "9"]
[EventCountry "GER"]
[SourceTitle "EXT 2023"]
[Source "ChessBase"]
[SourceDate "2022.10.05"]
[SourceVersion "1"]
[SourceVersionDate "2022.10.05"]
[SourceQuality "1"]
[WhiteTeam "Bayerwald Regen/Zwiesel"]
[BlackTeam "Grafenau"]
[WhiteTeamCountry "GER"]
[BlackTeamCountry "GER"]

1. c4 Nf6 2. Nc3 c5 3. g3 e6 4. Nf3 b6 5. Bg2 Bb7 6. 0-0 a6 7. Re1 d6 8. b3 Nbd7 9. Bb2 Qc7 10. d4 cxd4 11. Qxd4 Be7 12. e4 0-0 13. Rad1 Rad8 14. h3 Rfe8 15. Rd2 Qb8 16. Ba3 Nc5 17. Nh2 d5 18. exd5 Nxb3 19. axb3 Bxa3 20. Qxb6 exd5 21. Rxe8+ Rxe8 22. cxd5 Qa8 23. Qa5 Bc1 24. Rd1 Bb2 25. Na4 Be5 26. Nf1 Nd7 27. Qd2 a5 28. Ne3 Bd6 29. Nf5 Be5 30. Rc1 g6 31. Nh6+ Kg7 32. Ng4 h5 33. Nxe5 Nxe5 34. Qd4 Kg8 35. f4 Nd7 36. Rc7 Rd8 37. f5 Qb8 38. Qf4 Bc8 39. fxg6 fxg6 40. Qd6 Qxb3 41. Qxg6+ Kf8 42. Rc3 Qd1+ 43. Kh2 Ne5 44. Qf6+ Nf7 45. Rc7 Bd7 46. Nc5 Ke8 47. Nxd7 Rxd7 48. Qe6+ 1-0

[Event "Niederbayernliga 1213"]
[Site "Bayern"]
[Date "2012.10.14"]
[Round "1.4"]
[White "Wolf, Gregor"]
[Black "Denk, Tobias"]
[Result "1/2-1/2"]
[WhiteElo "1761"]
[BlackElo "1766"]
[PlyCount "68"]
[EventDate "2012.10.14"]
[EventType "team-tourn"]
[EventRounds "9"]
[EventCountry "GER"]
[SourceTitle "EXT 2023"]
[Source "ChessBase"]
[SourceDate "2022.10.05"]
[SourceVersion "1"]
[SourceVersionDate "2022.10.05"]
[SourceQuality "1"]
[WhiteTeam "Grafenau"]
[BlackTeam "Ergolding"]
[WhiteTeamCountry "GER"]
[BlackTeamCountry "GER"]

1. e4 c6 2. d4 d5 3. exd5 cxd5 4. c4 Nf6 5. Nc3 Nc6 6. Nf3 Bg4 7. cxd5 Nxd5 8. Qb3 Nb6 9. d5 Bxf3 10. gxf3 Nd4 11. Bb5+ Nxb5 12. Qxb5+ Qd7 13. Be3 g6 14. Bd4 f6 15. Bxb6 axb6 16. Qxb6 Bh6 17. Qb5 Rd8 18. Ke2 0-0 19. Qxd7 Rxd7 20. Rhd1 Bf4 21. h3 Rfd8 22. Rd3 Rd6 23. Rad1 Rb6 24. b3 Ra6 25. a4 Rb6 26. Ne4 Rc8 27. d6 Rc2+ 28. Kf1 Bxd6 29. Nxf6+ exf6 30. Rxd6 Rxb3 31. Rd7 Rbb2 32. Re7 Kf8 33. Rdd7 Rxf2+ 34. Ke1 Rh2 1/2-1/2

[Event "Niederbayernliga 1213"]
[Site "Bayern"]
[Date "2012.??.??"]
[Round "4"]
[White "Hirtreiter, Alexander"]
[Black "Wolf, Gregor"]
[Result "1-0"]
[WhiteElo "1872"]
[BlackElo "1761"]
[PlyCount "101"]
[EventDate "2012.10.14"]
[EventType "team-tourn"]
[EventRounds "9"]
[EventCountry "GER"]
[SourceTitle "EXT 2023"]
[Source "ChessBase"]
[SourceDate "2022.10.05"]
[SourceVersion "1"]
[SourceVersionDate "2022.10.05"]
[SourceQuality "1"]
[WhiteTeam "Landau Dingolfing"]
[BlackTeam "Grafenau"]
[WhiteTeamCountry "GER"]
[BlackTeamCountry "GER"]

1. e4 c5 2. Nc3 Nc6 3. Bc4 e6 4. a3 g6 5. f4 Bg7 6. Nf3 Nge7 7. Ba2 0-0 8. d3 d5 9. exd5 Nxd5 10. Nxd5 exd5 11. 0-0 b5 12. c3 a5 13. Qb3 Qb6 14. Qxd5 Be6 15. Qg5 h6 16. Qg3 Bxa2 17. Rxa2 b4 18. axb4 cxb4+ 19. d4 Ne7 20. Ne5 Rfe8 21. Qf2 bxc3 22. bxc3 Rec8 23. Ba3 Nd5 24. Bc5 Qe6 25. Rc2 Bf8 26. Bxf8 Kxf8 27. c4 Nb4 28. Re2 Qd6 29. Kh1 Nc6 30. Nxc6 Qxc6 31. Rc2 a4 32. f5 a3 33. fxg6 Qxg6 34. c5 Ra5 35. Qd2 Qa6 36. Qf4 Qg6 37. Ra2 Ra4 38. Qe5 Kg8 39. h3 Qe6 40. Qxe6 fxe6 41. Rf6 Rc6 42. Rxh6 Rxd4 43. Rxa3 Kg7 44. Rh5 Rd5 45. Rxd5 exd5 46. Rc3 Kf6 47. Kg1 d4 48. Rc1 Ke5 49. Kf2 Ke4 50. Ke2 d3+ 51. Kd2 1-0

[Event "Niederbayernliga 1213"]
[Site "Bayern"]
[Date "2012.??.??"]
[Round "3"]
[White "Wolf, Gregor"]
[Black "Niedermeier, Johann"]
[Result "1-0"]
[WhiteElo "1761"]
[BlackElo "1728"]
[PlyCount "198"]
[EventDate "2012.10.14"]
[EventType "team-tourn"]
[EventRounds "9"]
[EventCountry "GER"]
[SourceTitle "EXT 2023"]
[Source "ChessBase"]
[SourceDate "2022.10.05"]
[SourceVersion "1"]
[SourceVersionDate "2022.10.05"]
[SourceQuality "1"]
[WhiteTeam "Grafenau"]
[BlackTeam "Geiselhoering"]
[WhiteTeamCountry "GER"]
[BlackTeamCountry "GER"]

1. c4 e6 2. Nf3 d5 3. cxd5 exd5 4. e3 Nf6 5. b3 Be7 6. Bb2 c6 7. Be2 Bf5 8. d3 0-0 9. 0-0 h6 10. Nbd2 Nbd7 11. Qc2 Bh7 12. Rad1 Qc7 13. a3 Rad8 14. Qb1 Rfe8 15. Qa1 Bf8 16. Rfe1 Ng4 17. Rc1 Nge5 18. Nxe5 Nxe5 19. Qb1 Qd7 20. Nf3 Nxf3+ 21. Bxf3 Bd6 22. Qa1 f6 23. Red1 Qe7 24. Bh5 Rf8 25. b4 a6 26. Bd4 Be5 27. g3 g6 28. Bf3 Rd7 29. Bc5 Bd6 30. d4 f5 31. Qc3 g5 32. Bg2 h5 33. Qd2 Qf6 34. Bxd6 Rxd6 35. a4 f4 36. exf4 gxf4 37. Re1 f3 38. Bf1 Be4 39. h4 Rf7 40. Kh2 Re6 41. b5 axb5 42. axb5 Rfe7 43. Bh3 Rd6 44. Qb4 Rg7 45. bxc6 Rxc6 46. Qa4 Rgc7 47. Rxc6 Qxc6 48. Qxc6 Rxc6 49. g4 hxg4 50. Bxg4 Kf7 51. Re3 Rc4 52. Rb3 Rxd4 53. Rxb7+ Kg6 54. Rb6+ Kg7 55. Rb3 Bc2 56. Rb7+ Kf6 57. Kg3 Bd1 58. Rb6+ Kg7 59. Re6 Rd3 60. Re3 Rxe3 61. fxe3 f2 62. Bh3 Kh6 63. Kxf2 Bb3 64. Bg4 Kg7 65. Kf3 Kf6 66. Kf4 Bc2 67. Bf3 Bb3 68. Be2 Ba2 69. Bd3 Bb3 70. h5 Kg7 71. Kg5 Bd1 72. Bg6 Bb3 73. h6+ Kg8 74. Kf6 Kh8 75. Ke5 Ba2 76. Bf7 Bc4 77. Bxd5 Bd3 78. Be4 Ba6 79. Kd6 Bc4 80. Bg6 Be2 81. Ke5 Bf3 82. Kf4 Bc6 83. Be4 Bb5 84. Bf3 Bd3 85. Bg4 Bc2 86. Bf5 Bb3 87. e4 Ba2 88. e5 Bd5 89. Kg5 Bb3 90. Kf6 Bc4 91. Be6 Be2 92. Bd5 Bg4 93. Be4 Be2 94. Bf5 Bb5 95. e6 Kg8 96. e7 Be8 97. Be6+ Kh8 98. Bf7 Ba4 99. Bg6 Kg8 1-0

[Event "Niederbayernliga 1011"]
[Site "Germany"]
[Date "2010.11.14"]
[Round "3.4"]
[White "Wiedmann, Klaus"]
[Black "Wolf, Gregor"]
[Result "1/2-1/2"]
[WhiteElo "1915"]
[BlackElo "1809"]
[PlyCount "61"]
[EventDate "2010.10.10"]
[EventType "team-tourn"]
[EventRounds "9"]
[EventCountry "GER"]
[SourceTitle "EXT 2012"]
[Source "ChessBase"]
[SourceDate "2011.11.24"]
[SourceVersion "1"]
[SourceVersionDate "2011.11.24"]
[SourceQuality "1"]
[WhiteTeam "Rottal II"]
[BlackTeam "Grafenau"]
[WhiteTeamCountry "GER"]
[BlackTeamCountry "GER"]

1. e4 c5 2. Nf3 e6 3. d4 cxd4 4. Nxd4 a6 5. Nc3 Qc7 6. a3 Nf6 7. Be2 Nc6 8. Be3 d6 9. 0-0 Be7 10. f4 0-0 11. Nb3 b5 12. Bf3 Bb7 13. Qe2 Nd7 14. Qf2 Rab8 15. Ne2 Ba8 16. c3 Nb6 17. Bxb6 Qxb6 18. Qxb6 Rxb6 19. Ned4 Rd8 20. Rad1 e5 21. Nxc6 Bxc6 22. f5 Be8 23. Na1 f6 24. Nc2 Bf7 25. Ne3 Rc6 26. Be2 Bb3 27. Rd2 Rc5 28. Rc1 Kf8 29. Bd1 Bf7 30. Bc2 Rdc8 31. Rcd1 1/2-1/2

[Event "Niederbayernliga 1011"]
[Site "Germany"]
[Date "2010.10.24"]
[Round "2.5"]
[White "Wolf, Gregor"]
[Black "Fuchsgruber, Helmut"]
[Result "1/2-1/2"]
[WhiteElo "1809"]
[BlackElo "1867"]
[PlyCount "111"]
[EventDate "2010.10.10"]
[EventType "team-tourn"]
[EventRounds "9"]
[EventCountry "GER"]
[SourceTitle "EXT 2012"]
[Source "ChessBase"]
[SourceDate "2011.11.24"]
[SourceVersion "1"]
[SourceVersionDate "2011.11.24"]
[SourceQuality "1"]
[WhiteTeam "Grafenau"]
[BlackTeam "Adlkofen"]
[WhiteTeamCountry "GER"]
[BlackTeamCountry "GER"]

1. e4 Nf6 2. e5 Nd5 3. d4 d6 4. Nf3 g6 5. Bc4 Nb6 6. Bb3 Bg7 7. Ng5 d5 8. 0-0 h6 9. Nf3 Nc6 10. c3 0-0 11. Nbd2 Bg4 12. h3 Bf5 13. Re1 e6 14. Nf1 Na5 15. Bc2 Bxc2 16. Qxc2 c5 17. Ng3 cxd4 18. cxd4 Rc8 19. Qd3 Qc7 20. b3 Qe7 21. Qb5 Nc6 22. a4 Rfe8 23. a5 Na8 24. Ba3 Qd7 25. Qa4 Bf8 26. Bxf8 Rxf8 27. Rec1 Nb8 28. Qxd7 Nxd7 29. Ne2 Rc6 30. Kf1 Rfc8 31. Rxc6 Rxc6 32. Rc1 Nb8 33. Nc3 Nc7 34. Ke2 Kg7 35. Kd2 Nba6 36. Na2 Rxc1 37. Kxc1 g5 38. Kc2 Kg6 39. g4 Nb5 40. Kd3 Nb8 41. Nb4 h5 42. Ke2 hxg4 43. hxg4 Nd7 44. Kd3 Nc7 45. Nd2 f6 46. exf6 Kxf6 47. f3 e5 48. Nc2 Ne6 49. dxe5+ Kxe5 50. b4 Kf4 51. Ne1 Ne5+ 52. Ke2 Nc6 53. Nd3+ Kg3 54. Nf1+ Kg2 55. Ne3+ Kg3 56. Nf5+ 1/2-1/2

[Event "Niederbayernliga 1011"]
[Site "Germany"]
[Date "2010.10.10"]
[Round "1.4"]
[White "Wolf, Gregor"]
[Black "Oberpriller, Johannes"]
[Result "1/2-1/2"]
[WhiteElo "1809"]
[BlackElo "1766"]
[PlyCount "77"]
[EventDate "2010.10.10"]
[EventType "team-tourn"]
[EventRounds "9"]
[EventCountry "GER"]
[SourceTitle "EXT 2012"]
[Source "ChessBase"]
[SourceDate "2011.11.24"]
[SourceVersion "1"]
[SourceVersionDate "2011.11.24"]
[SourceQuality "1"]
[WhiteTeam "Grafenau"]
[BlackTeam "Ergolding"]
[WhiteTeamCountry "GER"]
[BlackTeamCountry "GER"]

1. b3 d5 2. Nf3 Nf6 3. Bb2 e6 4. e3 Bd6 5. c4 Nbd7 6. cxd5 exd5 7. d3 0-0 8. Nbd2 Re8 9. Be2 c6 10. 0-0 Qc7 11. Qc2 Ne5 12. Rac1 Bf5 13. Nd4 Bd7 14. Qb1 a6 15. N2f3 Rac8 16. Nxe5 Bxe5 17. Nf3 Bxb2 18. Qxb2 Qd6 19. d4 Ne4 20. b4 Re6 21. Rfe1 Rh6 22. g3 Bg4 23. Ne5 Bxe2 24. Rxe2 Qe6 25. f3 Nd6 26. a4 f6 27. Ng4 Rg6 28. Qc2 Kf7 29. Nf2 Nf5 30. Nh1 Re8 31. Qd3 Nd6 32. Nf2 f5 33. Rce1 Qd7 34. e4 fxe4 35. fxe4 dxe4 36. Nxe4 Nxe4 37. Rxe4 Rxe4 38. Rxe4 Rf6 39. Qc4+ 1/2-1/2

[Event "Niederbayernliga 0809"]
[Site "Germany"]
[Date "2008.11.30"]
[Round "3.1"]
[White "Wolf, Gregor"]
[Black "Krstic, Petar"]
[Result "0-1"]
[WhiteElo "1840"]
[BlackElo "2257"]
[PlyCount "54"]
[EventDate "2008.10.05"]
[EventType "team-tourn"]
[EventRounds "9"]
[EventCountry "GER"]
[SourceTitle "EXT 2010"]
[Source "ChessBase"]
[SourceDate "2010.11.25"]
[SourceVersion "1"]
[SourceVersionDate "2010.11.25"]
[SourceQuality "1"]
[WhiteTeam "Grafenau"]
[BlackTeam "Deggendorf"]
[WhiteTeamCountry "GER"]
[BlackTeamCountry "GER"]

1. e4 c5 2. Nf3 d6 3. d4 cxd4 4. Nxd4 Nf6 5. Nc3 a6 6. Be2 e5 7. Nb3 Be6 8. Be3 Be7 9. f4 exf4 10. Bxf4 0-0 11. 0-0 Nc6 12. Kh1 Qc7 13. Nd4 Nxd4 14. Qxd4 Nd7 15. Bd3 Ne5 16. Nd5 Bxd5 17. exd5 Bf6 18. Bxe5 Bxe5 19. Qh4 g6 20. c3 f5 21. Rad1 Rae8 22. Rfe1 Rf7 23. Qf2 Kg7 24. Re3 Qc5 25. Bb1 Bg3 26. Qxg3 Qxe3 27. Qxe3 Rxe3 0-1

[Event "Niederbayernliga 0708"]
[Site "Germany"]
[Date "2007.11.25"]
[Round "3.1"]
[White "Wolf, Gregor"]
[Black "Eckerl, Uwe"]
[Result "0-1"]
[WhiteElo "1846"]
[BlackElo "2151"]
[PlyCount "60"]
[EventDate "2007.10.21"]
[EventType "team"]
[EventRounds "9"]
[EventCountry "GER"]
[SourceTitle "EXT 2009"]
[Source "ChessBase"]
[SourceDate "2008.11.26"]
[SourceVersion "1"]
[SourceVersionDate "2008.11.26"]
[SourceQuality "1"]
[WhiteTeam "Grafenau"]
[BlackTeam "Waldkirchen Freyung"]
[WhiteTeamCountry "GER"]
[BlackTeamCountry "GER"]

1. e4 c5 2. Nf3 e6 3. d4 cxd4 4. Nxd4 Nf6 5. Nc3 d6 6. Be2 Be7 7. Be3 0-0 8. f4 a6 9. a4 Nc6 10. 0-0 Qc7 11. Qe1 Nb4 12. Ncb5 axb5 13. Qxb4 bxa4 14. Bf3 d5 15. Qd2 dxe4 16. Be2 Bc5 17. c4 Rd8 18. Qc3 Qb6 19. Nc2 Rd3 20. Bxd3 Bxe3+ 21. Kh1 exd3 22. Qxd3 Bc5 23. Rab1 Bd7 24. b4 axb3 25. Rxb3 Qc7 26. Ne3 Ba4 27. Rb2 Bc6 28. Nd1 Rd8 29. Qc2 Ne4 30. Rb1 Rd2 0-1

[Event "Niederbayernliga 0708"]
[Site "Germany"]
[Date "2007.11.04"]
[Round "2.1"]
[White "Riemelmoser, Franz"]
[Black "Wolf, Gregor"]
[Result "1-0"]
[WhiteElo "2250"]
[BlackElo "1846"]
[PlyCount "67"]
[EventDate "2007.10.21"]
[EventType "team"]
[EventRounds "9"]
[EventCountry "GER"]
[SourceTitle "EXT 2009"]
[Source "ChessBase"]
[SourceDate "2008.11.26"]
[SourceVersion "1"]
[SourceVersionDate "2008.11.26"]
[SourceQuality "1"]
[WhiteTeam "Simbach"]
[BlackTeam "Grafenau"]
[WhiteTeamCountry "GER"]
[BlackTeamCountry "GER"]

1. d4 Nf6 2. Bg5 e6 3. Nd2 d5 4. e3 c5 5. c3 Nc6 6. f4 Be7 7. Ngf3 0-0 8. Bd3 cxd4 9. cxd4 Bd7 10. 0-0 h6 11. Bh4 Ne8 12. Bxe7 Qxe7 13. Ne5 Nxe5 14. fxe5 f5 15. exf6 Rxf6 16. Qh5 Qf7 17. Bh7+ Kf8 18. Bg6 Qe7 19. Bxe8 Bxe8 20. Rxf6+ Qxf6 21. Qg4 Ke7 22. Rf1 Qg6 23. Qf4 Rc8 24. Qf8+ Kd7 25. Nf3 Kc7 26. Qf4+ Kb6 27. Qd6+ Bc6 28. Ne5 Qe8 29. Rf7 a5 30. b4 axb4 31. Qxb4+ Ka7 32. Qc5+ Kb8 33. Qb6 Rd8 34. Nxc6+ 1-0

[Event "Niederbayernliga 0708"]
[Site "Germany"]
[Date "2007.04.06"]
[Round "8.1"]
[White "Fuchsgruber, Helmut"]
[Black "Wolf, Gregor"]
[Result "0-1"]
[WhiteElo "1880"]
[BlackElo "1846"]
[PlyCount "114"]
[EventDate "2007.10.21"]
[EventType "team"]
[EventRounds "9"]
[EventCountry "GER"]
[SourceTitle "EXT 2009"]
[Source "ChessBase"]
[SourceDate "2008.11.26"]
[SourceVersion "1"]
[SourceVersionDate "2008.11.26"]
[SourceQuality "1"]
[WhiteTeam "Landau Dingolfing"]
[BlackTeam "Grafenau"]
[WhiteTeamCountry "GER"]
[BlackTeamCountry "GER"]

1. d4 Nf6 2. c4 e6 3. Nc3 Bb4 4. e3 0-0 5. Bd3 d5 6. a3 Bxc3+ 7. bxc3 c5 8. cxd5 exd5 9. Ne2 Re8 10. 0-0 Nc6 11. a4 cxd4 12. cxd4 b6 13. Ba3 h6 14. Rc1 Bb7 15. Ng3 g6 16. Rc3 Rc8 17. Qc2 Kg7 18. Bb5 Re6 19. Rc1 a6 20. Bd3 Na7 21. Rxc8 Qxc8 22. Qxc8 Bxc8 23. Rc7 Rc6 24. Rxa7 Rc3 25. Bxa6 Bxa6 26. Rxa6 Rxa3 27. Kf1 Ng4 28. h3 Ra1+ 29. Ke2 Ra2+ 30. Kf3 Nxf2 31. Rxb6 Nd1 32. Ne2 Ra3 33. Rc6 Rxe3+ 34. Kf4 Rxe2 35. Rc1 Re4+ 36. Kf3 Rxd4 37. a5 Ra4 38. Rxd1 Rxa5 39. Rd4 Kf6 40. Rf4+ Ke6 41. Rb4 Ke5 42. Rb8 Ra6 43. Rb7 Rf6+ 44. Ke3 h5 45. Re7+ Kd6 46. Ra7 h4 47. Ra6+ Ke5 48. Ra5 g5 49. Ra7 Rf4 50. Re7+ Kd6 51. Re8 f6 52. Rd8+ Ke5 53. Re8+ Kf5 54. Rd8 d4+ 55. Kd3 Rf2 56. Rd5+ Ke6 57. Rxd4 Rxg2 0-1